000 01529nam0a2200397 4500
001 RU\NLR\bibl\1012381
005 20260405114321.0
010 _a5-469-01280-8
_94000
021 _aRU
_b2006-64453
_93222
035 _a(nilc)EL/0000064758
035 _aDGPB\BIBL\0000032075
035 _a(NLR Aleph) 001000006
090 _a572629
_c572629
100 _a20060506d2006 |||y0rusy50 ca
101 0 _arus
102 _aRU
105 _ay j |||||
200 1 _aИстория философии
_fС.В. Орлов
210 _aСанкт-Петербург [и др.]
_cПитер
_d2006
215 _a189 с.
_d21
225 1 _aКраткий курс
300 _aНа 4-й с. обл. авт.: Орлов С.В. - д.филос.н., проф.
320 _aБиблиогр.: с. 186-189 (72 назв.)
606 1 _aФилософия
_jУчебные издания для высших учебных заведений
_xИстория
_91388522
_3RU\NLR\auth\66270120
610 0 _aФилософия
610 0 _aИстория
610 0 _aУчебные издания для вузов
686 _a87.3я73
_vLBC/RL
_2rubbk
686 _aЮ3(0)я73
700 1 _4070
_8rus
_7ca
_aОрлов
_bС. В.
_cд-р филос. наук
_gСергей Владимирович
_3RU\NLR\auth\7744884
_927824
801 0 _aRU
_bДонская ГПБ
_c20060506
_gRCR
801 1 _aRU
_bДонская ГПБ
_c20060506
_2rusmarc
801 2 _aRU
_bNLR
_c20061122
_grcr
942 _cBOOK
980 _aNB